000 00327nam a2200145Ia 4500
008 221030s9999 xx 000 0 und d
041 _aEnglish
082 _a105.6
100 _aHamadri/489
245 0 _aIncomtex Peoceassing Easy
_cDeepali/497
250 _a2010
260 _aJammu
_c2014
650 _aIT
942 _cTH
999 _c15205
_d15205